|
|
|
|
| LEADER |
01789cam a2200529 i 4500 |
| 001 |
nkc20183049080 |
| 003 |
CZ PrNK |
| 005 |
20190709152856.0 |
| 007 |
ta |
| 008 |
181002s2018 xr e f 000 0 cze d |
| 015 |
|
|
|a cnb003049080
|
| 020 |
|
|
|a 978-80-7390-676-4
|q (vázáno)
|
| 035 |
|
|
|a (OCoLC)1111983259
|
| 040 |
|
|
|a KLG001
|b cze
|d BOA001
|e rda
|
| 041 |
1 |
|
|a cze
|h ger
|
| 072 |
|
7 |
|a 658
|x Řízení a správa podniku
|2 Konspekt
|9 4
|
| 080 |
|
|
|a 658.114
|2 MRF
|
| 080 |
|
|
|a 005.511
|2 MRF
|
| 080 |
|
|
|a 658:17.024.4
|2 MRF
|
| 080 |
|
|
|a (0.062)
|2 MRF
|
| 100 |
1 |
|
|a Plötz, Felix,
|d 1983-
|7 xx0227760
|4 aut
|
| 240 |
1 |
0 |
|a 4-Stunden-Startup.
|l Česky
|
| 245 |
1 |
0 |
|a Čtyřhodinový startup :
|b jak si splnit sny a nedat přitom výpověď /
|c Felix Plötz ; přeložila: Olga Vogelová
|
| 264 |
|
1 |
|a Praha :
|b Dobrovský s.r.o.,
|c 2018
|
| 300 |
|
|
|a 207 stran ;
|c 21 cm
|
| 336 |
|
|
|a text
|b txt
|2 rdacontent
|
| 337 |
|
|
|a bez média
|b n
|2 rdamedia
|
| 338 |
|
|
|a svazek
|b nc
|2 rdacarrier
|
| 490 |
1 |
|
|a Knihy Omega
|
| 500 |
|
|
|a Přeloženo z němčiny
|
| 650 |
0 |
7 |
|a podnikání
|7 ph115766
|2 czenas
|
| 650 |
0 |
7 |
|a podnikatelské projekty
|7 ph124161
|2 czenas
|
| 650 |
0 |
7 |
|a úspěch v podnikání
|7 ph286292
|2 czenas
|
| 650 |
0 |
9 |
|a business
|2 eczenas
|
| 650 |
0 |
9 |
|a business planning
|2 eczenas
|
| 650 |
0 |
9 |
|a success in business
|2 eczenas
|
| 653 |
0 |
|
|a startup
|a start-up
|
| 655 |
|
7 |
|a populárně-naučné publikace
|7 fd131864
|2 czenas
|
| 655 |
|
9 |
|a popular works
|2 eczenas
|
| 700 |
1 |
|
|a Vogelová, Olga,
|d 1983-
|7 mzk2007408393
|4 trl
|
| 830 |
|
0 |
|a Knihy Omega
|0 s
|
| 910 |
2 |
|
|a BOA001
|b 2-1424.474
|
| 920 |
|
|
|a 1202610
|z KLG001
|
| 990 |
|
|
|a BK
|
| 995 |
|
|
|a 01
|
| 991 |
|
|
|b 201903
|c NOV
|
| 996 |
6 |
|
|b 2610773881
|c 2-1424.474
|l MZK
|r Sklad / do 1 hodiny
|n 11
|p p.v.
|w 001712485
|u 000010
|a 1
|e BOA001
|j MZK50
|s P
|